La tourneuse de pages Το κορίτσι που γυρίζει τις σελίδες

Η δεκάχρονη Μελανί ζει με τους γονείς της σε ένα μικρό χωριό στην Γαλλική επαρχία. Αγαπά πολύ το πιάνο και το μέλλον της φαντάζει λαμπρό. Όμως κατά την διάρκεια των εισαγωγικών της στην Ανώτατη Σχολή Μουσικής, χάνει την αυτοσυγκέντρωσή της με αποτέλεσμα να αποτύχει, λόγω της επιπόλαιας συμπεριφοράς...

Πλήρης περιγραφή

Αποθηκεύτηκε σε:
Λεπτομέρειες βιβλιογραφικής εγγραφής
Άλλοι συγγραφείς: Dercourt, Denis (Διευθυντής, Σεναριογράφος), Frot, Catherine, 1956- (Ηθοποιός), Francois, Deborah, 1987- (Ηθοποιός)
Μορφή: Διαφάνειες
Γλώσσα:French
Greek
Δημοσίευση: [S.l.] : Diaphana Films, [2006].
Θέματα:
Ετικέτες: Προσθήκη ετικέτας
Δεν υπάρχουν, Καταχωρήστε ετικέτα πρώτοι!

MARC

LEADER 00000cgm a2200000 i 4500
001 1/99836
008 081219s2006####xx ||| | || ||fre||
035 |l 10102620 
040 |a GR-MyUa  |b gre  |e AACR2 
041 0 |a fre  |j gre 
082 7 |a 791.437   |2 (22)  
245 0 3 |a La tourneuse de pages   |h [μαγνητοσκόπηση] =   |b Το κορίτσι που γυρίζει τις σελίδες /   |c σκηνοθεσία Denis Dercourt.  
246 1 |i Παράλληλος τίτλος:   |a Το κορίτσι που γυρίζει τις σελίδες  
260 |a [S.l.] :   |b Diaphana Films,   |c [2006].  
300 |a 1 βιντεοδίσκος (90 λεπτ.) :   |b ομίλ., έγχρ. ;   |c 4 3/4 ίν.  
500 |a Κυκλοφόρησε πρώτη φορά ως κινηματογραφική ταινία το 2006.  
508 |a Σενάριο, Denis Dercourt και Jacques Sotty ; φωτογραφία, Jerome Peyrebrune ; σκηνικά και κοστούμια, Antoine Platteau ; μοντάζ, Francois Gedigier ; μουσική, Jerome Lemonnier ; υπεύθυνος παραγωγής, Tom Dercourt ; διεύθυνση παραγωγής, Michel Saint-Jean.  
511 0 |a Catherine Frot, Deborah Francois, Pascal Greggory, Xavier De Guillebon, Clotilde Mollet, Christine Citti.  
520 8 |a Η δεκάχρονη Μελανί ζει με τους γονείς της σε ένα μικρό χωριό στην Γαλλική επαρχία. Αγαπά πολύ το πιάνο και το μέλλον της φαντάζει λαμπρό. Όμως κατά την διάρκεια των εισαγωγικών της στην Ανώτατη Σχολή Μουσικής, χάνει την αυτοσυγκέντρωσή της με αποτέλεσμα να αποτύχει, λόγω της επιπόλαιας συμπεριφοράς της Προέδρου της κριτικής επιτροπής, της διάσημης σολίστα Αριάν Φουσεκούρ. Η απογοήτευση της Μελανί είναι καταλυτική και σταματάει το πιάνο οριστικά. Δέκα χρόνια αργότερα, η τύχη θα κάνει τις δύο γυναίκες να συναντηθούν ξανά. Τώρα η Μελανί, είναι μία γοητευτική νεαρή γυναίκα και η Αριάν έτοιμη να επιστρέψει στο μουσική προσκήνιο, ύστερα από αποχή κάποιων χρόνων. Χωρίς να την έχει αναγνωρίσει, ζητά από τη Μελανί, να την βοηθήσει σε κάποιο ρεσιτάλ.  
546 |a Στα γαλλικά με υπότιτλους στα ελληνικά. 
650 0 |a Women pianists  |v Drama. 
655 7 |a Feature films  |2 lcgft 
700 1 |a Dercourt, Denis,  |e drt  |e aus 
700 1 |a Frot, Catherine,   |d 1956-  |e act 
700 1 |a Francois, Deborah,   |d 1987-  |e act 
852 |a INST  |b SYROS  |c AV  |e 20081219  |h 791.437 DER  |p 005500008814  |q 005500008814  |t DVD  |y 23 
901 |a BIBL5-2008-1 
922 |a 5ΕΛΗ  |b 200709  |c Βιβλιοθήκη Σύρου  |d ANACO 
970 |a Κοντού  |b Παρασκευή  |z 19/12/2008